000 00381nam a22001577a 4500
003 SGT
020 _a978938968627
082 _a615.32
_bP26K
100 _aKALIA, A.N
245 _aTEXT BOOK OF PHARMACOGNOSY AND PHYTOCHEMISTRY
260 _aNEW DELHI
_bCBS PUB.
_c2026
300 _a216
650 _aPHARMACOGNOSY
653 _aPHARMACOGNOSY , PHYTOCHEMISTRY
942 _2ddc
_cBK
999 _c34792
_d34792